00640nam a22001337a 4500003000400000005001700004008004100021040000800062082002700070100001800097245034400115260002600459300002100485OSt20151106163019.0151106b xxu||||| |||| 00| 0 eng d cRUA aFOR CHH 2002 B129 Or.1 aCHHUN, DELUX. aThe study on density of yellow cheeked crested gibbon in northeast and pileated gibbon in southwest cambodia,​ ការសិក្សាពីដងស៊ីតេទោចថ្ពាល់ឡឿងនៅភាគឥសាន និសទោចម្កុជនៅភាគនិរតីនៃប្រទេសកម្ពុជា aPhnom PenhbRUAc2004 a46p.bill.c2002